Leed core conceps guide: (Record no. 354034)
[ view plain ]
| 000 -LEADER | |
|---|---|
| fixed length control field | 01573cam a2200349 a 4500 |
| 001 - CONTROL NUMBER | |
| control field | 16154526 |
| 003 - CONTROL NUMBER IDENTIFIER | |
| control field | OSt |
| 005 - DATE AND TIME OF LATEST TRANSACTION | |
| control field | 20180116192425.0 |
| 008 - FIXED-LENGTH DATA ELEMENTS--GENERAL INFORMATION | |
| fixed length control field | 100325s2009 dcua b 000 0 eng d |
| 010 ## - LIBRARY OF CONGRESS CONTROL NUMBER | |
| LC control number | 2010277572 |
| 020 ## - INTERNATIONAL STANDARD BOOK NUMBER | |
| International Standard Book Number | 9781932444322 (pbk.) |
| 020 ## - INTERNATIONAL STANDARD BOOK NUMBER | |
| International Standard Book Number | 1932444211 (pbk.) |
| 035 ## - SYSTEM CONTROL NUMBER | |
| System control number | (OCoLC)ocn430233737 |
| 040 ## - CATALOGING SOURCE | |
| Original cataloging agency | IBI |
| Transcribing agency | IBI |
| Modifying agency | TXA |
| -- | MUU |
| -- | DLC |
| 042 ## - AUTHENTICATION CODE | |
| Authentication code | lccopycat |
| 050 00 - LIBRARY OF CONGRESS CALL NUMBER | |
| Item number | .G737 2009 |
| 082 ## - DEWEY DECIMAL CLASSIFICATION NUMBER | |
| Classification number | 696 |
| 245 00 - TITLE STATEMENT | |
| Title | Leed core conceps guide: |
| Remainder of title | An introduction to LEED and green building. |
| 250 ## - EDITION STATEMENT | |
| Edition statement | 3rd ed. |
| 260 ## - PUBLICATION, DISTRIBUTION, ETC. | |
| Place of publication, distribution, etc. | Washington, DC : |
| Name of publisher, distributor, etc. | U.S. Green Building Council, |
| Date of publication, distribution, etc. | 2012. |
| 300 ## - PHYSICAL DESCRIPTION | |
| Extent | 98 p. : |
| Other physical details | ill. ; |
| Dimensions | 28 cm. |
| 504 ## - BIBLIOGRAPHY, ETC. NOTE | |
| Bibliography, etc. note | Includes bibliographical references. |
| 505 0# - FORMATTED CONTENTS NOTE | |
| Formatted contents note | Green building -- U.S. green building council and its programs -- Sustainable sites -- Water efficiency -- Energy and atmosphere -- Materials and resources -- Indoor environmental quality -- Innovation in design. |
| 520 ## - SUMMARY, ETC. | |
| Summary, etc. | Presents green building concepts and strategies and introduces the ideas and practices that serve as the foundation for more detailed study of green building. |
| 650 #0 - SUBJECT ADDED ENTRY--TOPICAL TERM | |
| Topical term or geographic name entry element | Sustainable buildings |
| General subdivision | Design and construction. |
| 9 (RLIN) | 7893 |
| 650 #0 - SUBJECT ADDED ENTRY--TOPICAL TERM | |
| Topical term or geographic name entry element | Leadership in Energy and Environmental Design Green Building Rating System. |
| 9 (RLIN) | 7894 |
| 710 2# - ADDED ENTRY--CORPORATE NAME | |
| Corporate name or jurisdiction name as entry element | U.S. Green Building Council. |
| 9 (RLIN) | 7895 |
| 906 ## - LOCAL DATA ELEMENT F, LDF (RLIN) | |
| a | 7 |
| b | cbc |
| c | copycat |
| d | 2 |
| e | ncip |
| f | 20 |
| g | y-gencatlg |
| 942 ## - ADDED ENTRY ELEMENTS (KOHA) | |
| Source of classification or shelving scheme | |
| Koha item type | Book |
| Withdrawn status | Lost status | Source of classification or shelving scheme | Damaged status | Not for loan | Permanent Location | Current Location | Date acquired | Total Checkouts | Total Renewals | Full call number | Barcode | Date last seen | Date last checked out | Copy number | Cost, replacement price | Price effective from | Koha item type |
|---|---|---|---|---|---|---|---|---|---|---|---|---|---|---|---|---|---|
| School of Art Design and Architecture (SADA) | School of Art Design and Architecture (SADA) | 01/22/2015 | 2 | 3 | 696 LEE 2012 | SADA0002411 | 07/21/2016 | 07/21/2016 | 01 | 11506.50 | 01/23/2015 | Book |
